Leadership in psychiatry (Record no. 36359)
[ view plain ]
| 000 -LEADER | |
|---|---|
| fixed length control field | 01273nam a2200337Ia 4500 |
| 082 04 - DEWEY DECIMAL CLASSIFICATION NUMBER | |
| Classification number | 616.890068 |
| 245 00 - TITLE STATEMENT | |
| Title | Leadership in psychiatry |
| 260 ## - PUBLICATION, DISTRIBUTION, ETC. (IMPRINT) | |
| Place of publication | Chichester, West Sussex : |
| Name of publisher | John Wiley & Sons, |
| Year of publication | c2014. |
| 300 ## - PHYSICAL DESCRIPTION | |
| Number of Pages | xii, 271 p. |
| 650 #0 - SUBJECT ADDED ENTRY--TOPICAL TERM | |
| Topical Term | Leadership. |
| Topical Term | Mental health services |
| 700 1# - ADDED ENTRY--PERSONAL NAME | |
| Personal name | Bhugra, Dinesh. |
| Personal name | Ruiz, Pedro, |
| Personal name | Gupta, Susham. |
| 856 40 - ELECTRONIC LOCATION AND ACCESS | |
| Uniform Resource Identifier | http://site.ebrary.com/lib/rucke/Doc?id=10738062 |
No items available.
